000 00347 a2200157 4500
001 154555
040 _cEscola São Tomás de Aquino
100 _aDURAN, Ednilce
240 1 0 _aCrescer com alegria e fé
_lpor
245 1 0 _aCrescer com alegria e fé
300 _a99
362 0 _a2012
440 1 _aFTD
697 _aRELIGIÃO
942 _cBK
999 _c154555
_d154555